[Event "SR 3. liga A2 2018/2019"]
[Site "?"]
[Date "2018.10.21"]
[Round "2.6"]
[White "Kastler, Peter"]
[Black "Dobis, Pavol"]
[Result "1-0"]
[WhiteElo "1758"]
[BlackElo "1572"]
[PlyCount "57"]
[EventDate "2018.??.??"]

1. d4 d5 2. c4 e6 3. Nc3 Nf6 4. Bg5 Be7 5. e3 h6 6. Bh4 c5 7. Nf3 Nc6 8. Be2
O-O 9. O-O cxd4 10. Nxd4 Nxd4 11. Qxd4 dxc4 12. Qxc4 Bd7 13. Rfd1 Rc8 14. Qb3
Qc7 15. Rd2 a6 16. Bg3 e5 17. Bf3 b5 18. Rad1 Be6 19. Bd5 Nxd5 20. Nxd5 Bxd5
21. Rxd5 Bf6 22. h3 Qc2 23. Qa3 Ra8 24. b3 Rfe8 25. R1d2 Qc6 26. Qa5 e4 27. Rd1
Qc3 28. Qb6 Reb8 29. Bxb8 1-0

[Event "SR 3. liga A2 2018/2019"]
[Site "?"]
[Date "2018.10.21"]
[Round "2.6"]
[White "Skreko, Igor"]
[Black "Papanek, Lubomir"]
[Result "1/2-1/2"]
[WhiteElo "1454"]
[BlackElo "1581"]
[PlyCount "32"]
[EventDate "2018.??.??"]

1. c4 c5 2. Nc3 Nc6 3. g3 b6 4. Bg2 Bb7 5. Nf3 Nf6 6. O-O g6 7. b3 Bg7 8. Bb2
O-O 9. e3 e6 10. d4 d5 11. dxc5 Ne4 12. Qc2 Nb4 13. Qc1 Nd3 14. Qc2 Nb4 15. Qc1
Nd3 16. Qc2 Nb4 1/2-1/2

[Event "SR 3. liga A2 2018/2019"]
[Site "?"]
[Date "2018.11.04"]
[Round "3.1"]
[White "Kavon, Rastislav"]
[Black "Skreno, Vladimir"]
[Result "1-0"]
[WhiteElo "2185"]
[BlackElo "2162"]
[PlyCount "67"]
[EventDate "2018.??.??"]

1. e4 c5 2. Nc3 Nc6 3. g3 g6 4. Bg2 Bg7 5. f4 d6 6. Nge2 e6 7. O-O Nge7 8. d3
Nd4 9. Nxd4 Bxd4+ 10. Kh1 Nc6 11. Ne2 Bg7 12. c3 O-O 13. Be3 Qa5 14. Qd2 Rd8
15. d4 Bd7 16. d5 exd5 17. f5 d4 18. Bh6 Be5 19. f6 Rdc8 20. Bg7 dxc3 21. Qh6
Qd8 22. bxc3 Bg4 23. Rae1 Rc7 24. Ng1 Bxc3 25. Rf4 Bd2 26. Ref1 Ne5 27. h3 Bh5
28. g4 Bxf4 29. Rxf4 g5 30. gxh5 gxf4 31. Nf3 Nxf3 32. Bxf3 Qe8 33. Qg5 Qe5 34.
Qg4 1-0

[Event "SR 3. liga A2 2018/2019"]
[Site "?"]
[Date "2018.11.04"]
[Round "3.1"]
[White "Slamena, Michal"]
[Black "Kozinka, Roman"]
[Result "1-0"]
[WhiteElo "1997"]
[BlackElo "1992"]
[Annotator ",Jozef"]
[PlyCount "46"]
[EventDate "2018.??.??"]

1. e4 d6 2. d4 Nf6 3. Nc3 g6 4. f4 Bg7 5. Nf3 O-O 6. Bd3 e5 7. dxe5 dxe5 8.
Nxe5 Nc6 9. Nxc6 bxc6 10. O-O Ng4 11. Qe1 Bd4+ 12. Kh1 Qf6 13. e5 Qg7 14. h3
Qh6 15. Ne4 Bf5 16. Ng5 Rae8 17. Bxf5 gxf5 18. Nf3 Bb6 19. Qg3 Kh8 20. Qh4 Qxh4
21. Nxh4 Nh6 22. Bd2 Bd4 23. Nf3 Bb6 {padol cas} 1-0

[Event "SR 3. liga A2 2018/2019"]
[Site "?"]
[Date "2018.11.04"]
[Round "3.1"]
[White "Slaba, Andrea"]
[Black "Malar, Pavol"]
[Result "0-1"]
[WhiteElo "1913"]
[BlackElo "2074"]
[PlyCount "84"]
[EventDate "2018.??.??"]

1. d4 f5 2. c4 Nf6 3. Nc3 g6 4. Nf3 Bg7 5. g3 O-O 6. Bg2 d6 7. O-O Qe8 8. d5 a5
9. Re1 Na6 10. e4 fxe4 11. Nxe4 Nxe4 12. Rxe4 Nc5 13. Re1 Qf7 14. Qd2 h6 15.
Rf1 e5 16. Ne1 Bf5 17. f3 g5 18. g4 Bg6 19. Qe2 e4 20. Be3 exf3 21. Rxf3 Qe7
22. Qd2 Rxf3 23. Nxf3 Bxb2 24. Bxg5 hxg5 25. Qxb2 Qe3+ 26. Qf2 Qf4 27. Qd4 Rf8
28. Rd1 Be4 29. Nxg5 Bxg2 30. Kxg2 Qxg5 31. Kg3 Qe5+ 32. Qxe5 dxe5 33. g5 Kg7
34. Re1 e4 35. Kg4 Rf2 36. h4 Rxa2 37. h5 Rg2+ 38. Kf5 a4 39. Rd1 Rf2+ 40. Kg4
e3 41. h6+ Kh7 42. Rg1 e2 0-1

[Event "SR 3. liga A2 2018/2019"]
[Site "?"]
[Date "2018.11.04"]
[Round "3.1"]
[White "Bisco, Igor"]
[Black "Bango, Dominik"]
[Result "1/2-1/2"]
[WhiteElo "2046"]
[BlackElo "1857"]
[PlyCount "43"]
[EventDate "2018.??.??"]

1. e4 e5 2. Nf3 Nc6 3. Bc4 Bc5 4. O-O Nf6 5. d3 h6 6. c3 d6 7. a4 a5 8. Na3 Bg4
9. Nc2 O-O 10. Be3 Ba7 11. Bxa7 Rxa7 12. Ne3 Bh5 13. h3 Bxf3 14. Qxf3 Ne7 15.
Kh2 c6 16. Bb3 d5 17. Bc2 c5 18. exd5 Nfxd5 19. Rad1 Nxe3 20. fxe3 Qc7 21. Kh1
Ra6 22. d4 1/2-1/2

[Event "SR 3. liga A2 2018/2019"]
[Site "?"]
[Date "2018.11.04"]
[Round "3.1"]
[White "Capanda, Jan"]
[Black "Cebo, Vladimir"]
[Result "1-0"]
[WhiteElo "1875"]
[BlackElo "1628"]
[PlyCount "85"]
[EventDate "2018.??.??"]

1. e4 e5 2. Nf3 d6 3. h3 Be7 4. Bc4 Nf6 5. Nc3 O-O 6. d3 c6 7. a3 b5 8. Ba2
Nbd7 9. O-O Bb7 10. Nh2 a6 11. Ng4 Nxg4 12. hxg4 Bg5 13. g3 h6 14. Kg2 Nc5 15.
Rh1 d5 16. f4 exf4 17. gxf4 Bh4 18. Qf3 dxe4 19. dxe4 Qe7 20. g5 Bxg5 21. fxg5
Nxe4 22. Qxe4 Qxe4+ 23. Nxe4 c5 24. Rh4 Rae8 25. Kf3 Re5 26. gxh6 Rxe4 27. Rxe4
Re8 28. hxg7 Bxe4+ 29. Kf2 Bxc2 30. Bh6 c4 31. Re1 Rd8 32. Bb1 Bxb1 33. Rxb1
Kh7 34. Rg1 Rg8 35. Bd2 Rxg7 36. Rxg7+ Kxg7 37. Ke3 Kf6 38. Kd4 Ke6 39. Kc5 f5
40. Kb6 Kd5 41. Kxa6 Kc5 42. Be3+ Kc6 43. Ka5 1-0

[Event "SR 3. liga A2 2018/2019"]
[Site "?"]
[Date "2018.11.04"]
[Round "3.1"]
[White "Barca, Michal"]
[Black "Lopatievov, Alexander"]
[Result "1-0"]
[WhiteElo "1745"]
[BlackElo "1825"]
[PlyCount "79"]
[EventDate "2018.??.??"]

1. c4 Nf6 2. Nc3 c5 3. Nf3 g6 4. g3 b6 5. Bg2 Bb7 6. O-O Bg7 7. e3 O-O 8. d4
cxd4 9. exd4 d5 10. b3 e6 11. Bf4 a6 12. Rc1 Nbd7 13. Bd6 Re8 14. Ne5 Rc8 15.
f4 Ne4 16. Nxe4 dxe4 17. c5 Bd5 18. Qe2 bxc5 19. dxc5 f5 20. b4 Nb8 21. a4 Nc6
22. Nxc6 Rxc6 23. b5 axb5 24. axb5 Rc8 25. Qe3 Qa5 26. b6 Qa4 27. Rfd1 Red8 28.
Rb1 Bb7 29. Bf1 Bf8 30. Bb5 Qa5 31. Qb3 Bd5 32. Rxd5 exd5 33. Qxd5+ Kg7 34.
Qe5+ Kh6 35. g4 Qd2 36. b7 Qe3+ 37. Kf1 Qf3+ 38. Ke1 Qh1+ 39. Bf1 Qf3 40. g5+
1-0

[Event "SR 3. liga A2 2018/2019"]
[Site "?"]
[Date "2018.11.04"]
[Round "3.1"]
[White "Kramar, Matus"]
[Black "Janas, Peter"]
[Result "1/2-1/2"]
[WhiteElo "1659"]
[BlackElo "1733"]
[PlyCount "52"]
[EventDate "2018.??.??"]

1. e4 Nf6 2. e5 Nd5 3. c4 Nb6 4. d4 d6 5. exd6 exd6 6. Be2 Nc6 7. Be3 Bf5 8. a3
a5 9. Nf3 Be7 10. O-O O-O 11. Nc3 Bf6 12. Qd2 Bg4 13. Qd3 Bh5 14. Ne4 Bg6 15.
Nxf6+ Qxf6 16. Qd2 h6 17. Rfd1 Be4 18. Rac1 d5 19. Bf4 Bxf3 20. gxf3 Nxc4 21.
Bxc4 dxc4 22. Bxc7 Qxf3 23. d5 Qg4+ 24. Kh1 Qf3+ 25. Kg1 Qg4+ 26. Kh1 Qf3+
1/2-1/2

[Event "SR 3. liga A2 2018/2019"]
[Site "?"]
[Date "2018.11.04"]
[Round "3.1"]
[White "Tupy, Bystrik"]
[Black "Skreko, Igor"]
[Result "1/2-1/2"]
[WhiteElo "1741"]
[BlackElo "1510"]
[PlyCount "96"]
[EventDate "2018.??.??"]

1. e4 c5 2. Nf3 d6 3. b3 Nf6 4. Nc3 Nc6 5. Bb2 a6 6. h3 e6 7. d4 cxd4 8. Nxd4
Bd7 9. Nxc6 Bxc6 10. Bd3 Be7 11. O-O O-O 12. Qd2 b5 13. f3 Qc7 14. Ne2 Nd7 15.
f4 Bf6 16. c3 Nc5 17. Qe3 Nxd3 18. Qxd3 Qb7 19. Ng3 Bh4 20. Rad1 Bxg3 21. Qxg3
Qb6+ 22. Kh2 Bxe4 23. f5 Bxf5 24. Rxd6 Qc7 25. Rfd1 f6 26. Kh1 Rad8 27. Ba3
Rxd6 28. Bxd6 Qd7 29. Rd4 Rc8 30. Bb4 Qc7 31. Qxc7 Rxc7 32. Rd6 Ra7 33. g4 Be4+
34. Kh2 e5 35. Bc5 Ra8 36. b4 a5 37. a3 axb4 38. Bxb4 Rc8 39. Kg3 Bc6 40. h4
Kf7 41. Kf2 g6 42. Ke3 f5 43. g5 f4+ 44. Kf2 Kg7 45. Rf6 Bd5 46. Rd6 Bf7 47.
Rd7 Kg8 48. Kf3 Re8 1/2-1/2

[Event "SR 3. liga A2 2018/2019"]
[Site "?"]
[Date "2018.11.04"]
[Round "3.2"]
[White "Hecko, Dusan"]
[Black "Sosovicka, Juraj"]
[Result "0-1"]
[WhiteElo "2064"]
[BlackElo "2120"]
[PlyCount "94"]
[EventDate "2018.??.??"]

1. c4 e5 2. Nc3 Nf6 3. Nf3 Nc6 4. g3 d5 5. cxd5 Nxd5 6. Bg2 Nb6 7. O-O Be7 8.
d3 O-O 9. a3 Be6 10. Be3 Nd5 11. Nxd5 Bxd5 12. Rc1 Qd7 13. Bc5 Rfe8 14. Qa4
Rad8 15. Rfd1 a6 16. Bxe7 Rxe7 17. Ng5 Nd4 18. Qxd7 Nxe2+ 19. Kf1 Bxg2+ 20.
Kxe2 Rdxd7 21. f3 f5 22. Kf2 h6 23. Kxg2 hxg5 24. Kf2 Kf7 25. Ke3 Kf6 26. Rc4
c6 27. Rdc1 Rd5 28. Rc5 Red7 29. Rxd5 Rxd5 30. Rc3 Ke6 31. Rc2 Rb5 32. b4 a5
33. Rc4 Rd5 34. a4 Kd6 35. bxa5 Rxa5 36. f4 gxf4+ 37. gxf4 Kd5 38. fxe5 Kxe5
39. Rb4 b5 40. axb5 Rxb5 41. Ra4 Rd5 42. d4+ Kf6 43. h4 Rd6 44. Kf3 Kg6 45. Rc4
Kh5 46. Kf4 g6 47. Kg3 Re6 0-1

[Event "SR 3. liga A2 2018/2019"]
[Site "?"]
[Date "2018.11.04"]
[Round "3.2"]
[White "Nemsak, Denis"]
[Black "Cajka, Tibor"]
[Result "0-1"]
[WhiteElo "2007"]
[BlackElo "2116"]
[PlyCount "82"]
[EventDate "2018.??.??"]

1. e4 c6 2. c4 d5 3. exd5 cxd5 4. d4 Nf6 5. Bd3 Nc6 6. Ne2 Bg4 7. f3 Bh5 8.
cxd5 Nxd5 9. Nbc3 e6 10. O-O Bg6 11. Be4 Bd6 12. Bxd5 exd5 13. Bf4 Bb4 14. Qb3
O-O 15. Nxd5 Ba5 16. Rad1 Bf5 17. Ne3 Qd7 18. d5 Ne7 19. Nd4 Bb6 20. Kh1 Bg6
21. d6 Nc6 22. Nxc6 bxc6 23. Nc4 Qf5 24. Nxb6 axb6 25. Bg3 Qd7 26. Rfe1 Bf5 27.
Re7 Qd8 28. Rde1 Be6 29. R1xe6 fxe6 30. Qxe6+ Kh8 31. Rxg7 Kxg7 32. Be5+ Rf6
33. Qg4+ Kf7 34. Qh5+ Kg8 35. Qg4+ Rg6 36. Qc4+ Kf8 37. Qf4+ Ke8 38. a3 Qg5 39.
d7+ Kxd7 40. Qd4+ Ke8 41. g4 Rd8 0-1

[Event "SR 3. liga A2 2018/2019"]
[Site "?"]
[Date "2018.11.04"]
[Round "3.2"]
[White "Ocko, Martin"]
[Black "Brunovsky, Peter"]
[Result "1-0"]
[WhiteElo "1995"]
[BlackElo "1849"]
[PlyCount "93"]
[EventDate "2018.??.??"]

1. d4 Nf6 2. Nf3 g6 3. g3 Bg7 4. Bg2 O-O 5. O-O d6 6. b3 Na6 7. Bb2 c5 8. c4
Rb8 9. Re1 b6 10. e4 Bg4 11. Qd2 Qc8 12. Na3 Nc7 13. e5 Nfe8 14. exd6 exd6 15.
d5 Qd7 16. Rab1 Bf5 17. Rbc1 Nf6 18. Nh4 Rbe8 19. Rxe8 Rxe8 20. Re1 Bh3 21. Bc1
Bxg2 22. Kxg2 Ne4 23. Qc2 Nf6 24. Rxe8+ Qxe8 25. Bf4 Qe7 26. Nf3 Nh5 27. Bg5
Bf6 28. Be3 Ng7 29. Nd2 Nf5 30. Qe4 Qxe4+ 31. Nxe4 Nxe3+ 32. fxe3 Be5 33. Kf3
f5 34. Nf2 h5 35. Nd3 Bg7 36. h3 g5 37. e4 fxe4+ 38. Kxe4 Kf7 39. Kf5 Bf6 40.
Nb5 Nxb5 41. cxb5 Be7 42. Nf2 Bf6 43. Ne4 Be7 44. Nxg5+ Ke8 45. Kg6 h4 46. gxh4
Kf8 47. h5 1-0

[Event "SR 3. liga A2 2018/2019"]
[Site "?"]
[Date "2018.11.04"]
[Round "3.2"]
[White "Danada, Ondrej"]
[Black "Pericka, Tomas"]
[Result "0-1"]
[WhiteElo "1850"]
[BlackElo "1942"]
[PlyCount "42"]
[EventDate "2018.??.??"]

1. e4 c5 2. Nf3 Nc6 3. g3 g6 4. Bg2 Bg7 5. O-O d6 6. c3 h5 7. d3 h4 8. Nxh4 Bf6
9. Nf3 Bg4 10. Re1 Qd7 11. Nbd2 O-O-O 12. Qa4 Bh3 13. Bxh3 Qxh3 14. Nf1 Qg4 15.
Kg2 g5 16. Ng1 Nh6 17. Be3 Nf5 18. Bd2 Ne5 19. f3 Nh4+ 20. Kf2 Nhxf3 21. Ne3
Rxh2+ 0-1

[Event "SR 3. liga A2 2018/2019"]
[Site "?"]
[Date "2018.11.04"]
[Round "3.2"]
[White "Jarabek, Milan"]
[Black "Takacs, Zsolt"]
[Result "0-1"]
[WhiteElo "1764"]
[BlackElo "1785"]
[PlyCount "98"]
[EventDate "2018.??.??"]

1. d4 d5 2. c4 dxc4 3. Nc3 Nf6 4. Bf4 e6 5. e3 Be7 6. Bxc4 O-O 7. Nf3 b6 8. O-O
Bb7 9. Nb5 Na6 10. Rc1 c6 11. Nc3 c5 12. Qa4 cxd4 13. Bxa6 Bxf3 14. gxf3 dxc3
15. Rxc3 Nd5 16. Rd3 Qe8 17. Bb5 Qc8 18. Bg3 a6 19. Bc6 b5 20. Qc2 Nb4 21. Qd2
Qxc6 22. Rc1 Qe8 23. Rd7 Nd5 24. Rb7 Rc8 25. e4 Rxc1+ 26. Qxc1 Nf6 27. Qc7 Bd8
28. Qb8 Qc6 29. Qa7 Nh5 30. Be5 Qc1+ 31. Kg2 Qg5+ 32. Bg3 Nxg3 33. hxg3 a5 34.
f4 Qg6 35. f3 b4 36. Rb8 Qf6 37. e5 Qe7 38. Rb7 Qe8 39. Rd7 h5 40. Qb7 g5 41.
b3 gxf4 42. gxf4 Bh4 43. Kh3 Be1 44. Rd1 Bf2 45. Kg2 Bc5 46. Rh1 f5 47. Rh3 h4
48. Rxh4 Qg6+ 49. Kh3 Bf2 0-1

[Event "SR 3. liga A2 2018/2019"]
[Site "?"]
[Date "2018.11.04"]
[Round "3.2"]
[White "Kastler, Peter"]
[Black "Diviak, Rudolf"]
[Result "0-1"]
[WhiteElo "1751"]
[BlackElo "1737"]
[PlyCount "112"]
[EventDate "2018.??.??"]

1. d4 d6 2. c4 Nf6 3. Nf3 g6 4. e3 Bg7 5. Be2 O-O 6. O-O Nbd7 7. Nc3 e5 8. dxe5
Nxe5 9. Nxe5 dxe5 10. Qc2 c6 11. Rd1 Qc7 12. b3 e4 13. Bb2 Ng4 14. g3 Qe7 15.
Rd2 Bf5 16. Rad1 Nf6 17. Bf1 Rad8 18. Bg2 Rxd2 19. Rxd2 Re8 20. Ne2 Nd7 21.
Bxg7 Kxg7 22. Nc3 Nc5 23. Bf1 Rd8 24. Qd1 Nd3 25. Ne2 Nb2 26. Qc2 Rxd2 27. Qxd2
Nd3 28. Nd4 Qf6 29. Be2 Ne5 30. Qd1 Bh3 31. Bf1 Bxf1 32. Kxf1 Nd3 33. f4 c5 34.
Ne2 Qb2 35. a4 Qf6 36. Kg2 g5 37. Qf1 g4 38. Qd1 h5 39. Kf1 h4 40. Kg2 Qb2 41.
Kf1 Kg6 42. Kg2 h3+ 43. Kf1 f5 44. Kg1 Kf6 45. Kf1 Ke7 46. Kg1 Kd7 47. Kf1 Kc7
48. Kg1 Kb6 49. Kf1 Ka5 50. Kg1 Kb4 51. Kf1 Qxb3 52. Qd2+ Kxc4 53. Nc1 Qb1 54.
Ke2 Nxc1+ 55. Kf2 Nd3+ 56. Ke2 Qb2 0-1

[Event "SR 3. liga A2 2018/2019"]
[Site "?"]
[Date "2018.11.04"]
[Round "3.2"]
[White "Celustkova, Lubica"]
[Black "Kanka, Tomas"]
[Result "0-1"]
[WhiteElo "1700"]
[BlackElo "1720"]
[PlyCount "54"]
[EventDate "2018.??.??"]

1. e4 c5 2. Nf3 Nc6 3. d4 cxd4 4. Nxd4 e5 5. Nb5 d6 6. N5a3 a6 7. Bc4 Nf6 8.
Bg5 Be7 9. Bxf6 Bxf6 10. Bb3 O-O 11. Nc3 Be6 12. Nc4 Nd4 13. Ne3 Rc8 14. Ncd5
Bg5 15. c3 Nxb3 16. axb3 Bxe3 17. Nxe3 Qh4 18. Qxd6 Qxe4 19. Qb6 Qc6 20. Qa5
Bxb3 21. Qxe5 Rfe8 22. Qg3 Qb5 23. h4 Rcd8 24. h5 h6 25. Rh4 Qd3 26. Rg4 Bc4
27. Rxg7+ Kh8 0-1

[Event "SR 3. liga A2 2018/2019"]
[Site "?"]
[Date "2018.11.04"]
[Round "3.2"]
[White "Mraz, Jan"]
[Black "Hrdlicka, Martin"]
[Result "1-0"]
[WhiteElo "1666"]
[BlackElo "1492"]
[PlyCount "65"]
[EventDate "2018.??.??"]

1. d4 d5 2. b3 Nf6 3. Bb2 Bf5 4. Nd2 e6 5. e3 Bd6 6. a3 O-O 7. Ne2 Nbd7 8. Ng3
Bg6 9. c4 b6 10. cxd5 exd5 11. Nf3 Qe7 12. Bd3 Ne4 13. Bxe4 Bxe4 14. Nxe4 dxe4
15. Nd2 c5 16. O-O f5 17. Nc4 Bc7 18. d5 Be5 19. Nxe5 Nxe5 20. Qh5 Rad8 21.
Rad1 Nd3 22. Bc3 Rxd5 23. f4 Rd6 24. Qe2 Rfd8 25. Rd2 Rh6 26. g4 fxg4 27. Qg2
Rf8 28. Kh1 Qe6 29. Rb1 Rh3 30. b4 g3 31. Kg1 gxh2+ 32. Kh1 Rxe3 33. Qxg7# 1-0

[Event "SR 3. liga A2 2018/2019"]
[Site "?"]
[Date "2018.11.04"]
[Round "3.3"]
[White "Szitkey, Milan"]
[Black "Takacs, Laszlo"]
[Result "0-1"]
[WhiteElo "2096"]
[BlackElo "2275"]
[PlyCount "88"]
[EventDate "2018.??.??"]

1. e4 c5 2. Nf3 d6 3. c3 Nf6 4. h3 g6 5. Bd3 Bg7 6. Bc2 O-O 7. O-O Nc6 8. d4
cxd4 9. cxd4 b6 10. Nc3 Nb4 11. Bb1 Bb7 12. a3 Na6 13. Re1 Nc7 14. Ba2 h6 15.
Bd2 d5 16. e5 Ne4 17. Be3 Kh7 18. Rc1 Rc8 19. Bb1 f5 20. exf6 exf6 21. Nd2 f5
22. Ne2 Ne6 23. f3 Nd6 24. Nb3 Nc4 25. Nf4 Re8 26. Nxe6 Rxe6 27. Bf4 Nxb2 28.
Qd2 Nc4 29. Qf2 Rcc6 30. g4 fxg4 31. hxg4 Nxa3 32. Rxc6 Rxe1+ 33. Qxe1 Bxc6 34.
Bd3 Bb5 35. Bxb5 Nxb5 36. Qb4 a6 37. Kg2 Qf8 38. Qd2 a5 39. Kg3 a4 40. Qd3 Qe8
41. Nc1 Qe1+ 42. Kg2 Nxd4 43. Be3 Ne6 44. Ne2 a3 0-1

[Event "SR 3. liga A2 2018/2019"]
[Site "?"]
[Date "2018.11.04"]
[Round "3.3"]
[White "Cibulka, Vladimir"]
[Black "Puskar, David"]
[Result "1-0"]
[WhiteElo "2122"]
[BlackElo "1830"]
[PlyCount "81"]
[EventDate "2018.??.??"]

1. d4 Nf6 2. Nf3 d5 3. Bg5 c6 4. Nbd2 h6 5. Bh4 Bf5 6. e3 Nbd7 7. Be2 e6 8. Ne5
Be7 9. f4 Ne4 10. Bxe7 Qxe7 11. O-O Nxe5 12. fxe5 h5 13. Nxe4 Bxe4 14. Bf3 Qg5
15. Qe2 Bxf3 16. Rxf3 O-O 17. Raf1 Rac8 18. Rg3 Qh6 19. Rh3 g6 20. Kh1 Kg7 21.
Qf3 Qg5 22. Rg3 Qh4 23. Qe2 Rh8 24. Rf4 Qe7 25. c3 Rcg8 26. Rf6 Kf8 27. Rgf3
Rg7 28. e4 dxe4 29. Qxe4 Kg8 30. h4 a6 31. a3 Qd7 32. Qf4 Kf8 33. c4 Ke8 34.
Rf1 Rf8 35. Rf2 Kd8 36. d5 Qe7 37. dxe6 Ke8 38. Qh6 Rgg8 39. exf7+ Rxf7 40.
Rxf7 Qxe5 41. Qg5 1-0

[Event "SR 3. liga A2 2018/2019"]
[Site "?"]
[Date "2018.11.04"]
[Round "3.3"]
[White "Holicky, Miroslav"]
[Black "Blaho, Stefan"]
[Result "0-1"]
[WhiteElo "1753"]
[BlackElo "2050"]
[PlyCount "88"]
[EventDate "2018.??.??"]

1. e4 c5 2. Nf3 d6 3. d4 cxd4 4. Nxd4 Nf6 5. Nc3 g6 6. f3 Bg7 7. Be3 O-O 8. Qd2
Nc6 9. Bc4 Bd7 10. O-O Rc8 11. Bb3 a6 12. Nce2 Ne5 13. c3 Qa5 14. Bg5 Rfd8 15.
Kh1 Be8 16. Rfe1 Nc4 17. Bxc4 Rxc4 18. b3 Rcc8 19. c4 Qxd2 20. Bxd2 Nd7 21.
Rad1 b6 22. Be3 Nc5 23. h3 Bd7 24. Kh2 Be5+ 25. g3 h5 26. h4 Bg7 27. Kg2 Kf8
28. Ng1 b5 29. cxb5 axb5 30. Nge2 e5 31. Nc2 Nxb3 32. axb3 Rxc2 33. Bb6 Ra8 34.
Rxd6 Be6 35. Rd3 Raa2 36. Kf2 Bf6 37. Ke3 Be7 38. Nc1 Ra1 39. Rdd1 Bb4 40. Rf1
Raxc1 41. Rxc1 Bd2+ 42. Kd3 Rxc1 43. Rxc1 Bxc1 44. Kc3 f6 0-1

[Event "SR 3. liga A2 2018/2019"]
[Site "?"]
[Date "2018.11.04"]
[Round "3.3"]
[White "Bugar, Peter"]
[Black "Babirat, Michal"]
[Result "1/2-1/2"]
[WhiteElo "2008"]
[BlackElo "1838"]
[PlyCount "131"]
[EventDate "2018.??.??"]

1. c4 c5 2. Nc3 Nf6 3. g3 d5 4. cxd5 Nxd5 5. Bg2 Nxc3 6. bxc3 Qc7 7. c4 Nc6 8.
Bb2 e5 9. d3 Bd6 10. Nf3 O-O 11. O-O Bd7 12. e3 Rad8 13. d4 exd4 14. exd4 cxd4
15. Nxd4 Be5 16. Nb5 Qb6 17. Bxe5 Nxe5 18. Qd5 Nxc4 19. a4 Nd2 20. Rfe1 Bc6 21.
Qf5 Bxg2 22. Kxg2 Qc6+ 23. f3 g6 24. Qf4 Rd3 25. Re3 Rfd8 26. Rae1 a6 27. Rxd3
Rxd3 28. Qb8+ Kg7 29. Qe5+ Qf6 30. Qxf6+ Kxf6 31. Nc7 Rxf3 32. h4 Ra3 33. Ne8+
Kf5 34. Nd6+ Kg4 35. Ne4 Nxe4 36. Rxe4+ Kf5 37. Rb4 Kf6 38. g4 h6 39. Rf4+ Kg7
40. Rb4 Kf6 41. Rf4+ Kg7 42. Rb4 a5 43. Rd4 Rb3 44. Kf2 b5 45. Rd5 bxa4 46.
Rxa5 Rb4 47. Kg3 Kf6 48. h5 g5 49. Ra6+ Kg7 50. Kf3 Rf4+ 51. Kg3 Rb4 52. Kf3 f6
53. Ra7+ Kg8 54. Kg3 Rb3+ 55. Kf2 a3 56. Ke2 Rg3 57. Kf2 Rc3 58. Ke2 Rb3 59.
Kf2 Kf8 60. Rh7 a2 61. Ra7 Rb2+ 62. Ke3 Ke8 63. Ke4 Rf2 64. Kd5 Re2 65. Kd6 Kf8
66. Ra8+ 1/2-1/2

[Event "SR 3. liga A2 2018/2019"]
[Site "?"]
[Date "2018.11.04"]
[Round "3.3"]
[White "Ganz, Marek"]
[Black "Rachela, Jozef"]
[Result "0-1"]
[WhiteElo "1710"]
[BlackElo "2028"]
[PlyCount "130"]
[EventDate "2018.??.??"]

1. e4 c5 2. Nf3 a6 3. d4 cxd4 4. Nxd4 Nf6 5. Nc3 d6 6. Be3 e6 7. Bd3 Be7 8. O-O
O-O 9. Qf3 Qc7 10. Rad1 Nc6 11. a3 Bd7 12. Qg3 Ne5 13. Be2 Rfd8 14. Bh6 Ng6 15.
Be3 Rac8 16. Rd2 Ne8 17. Nf3 Bc6 18. Rfd1 Nf6 19. Ng5 b5 20. Bf3 Ne5 21. Re1
Nc4 22. Rde2 Nxb2 23. Bg4 Nxg4 24. Qxg4 Bf6 25. Nd1 Nc4 26. Bc1 Qe7 27. Nf3 Bb7
28. Ne3 Rc5 29. Rd1 Rdc8 30. Nxc4 Rxc4 31. Rdd2 d5 32. Qg3 dxe4 33. Ne5 Bxe5
34. Qxe5 Qc7 35. Qg5 h6 36. Qh5 Rc5 37. Qh4 Rg5 38. Rd4 Rg6 39. Red2 e3 40.
fxe3 Kh7 41. Bb2 Qc6 42. Rg4 Qc5 43. Rg3 Qc4 44. Rxg6 fxg6 45. Qe7 Rg8 46. Qxb7
Qa2 47. c3 Qb1+ 48. Kf2 Rf8+ 49. Qf3 Rxf3+ 50. gxf3 Qh1 51. Ke2 Qxh2+ 52. Kd3
Qh1 53. f4 h5 54. c4 Qf1+ 55. Kc2 Qxc4+ 56. Kb1 Qe4+ 57. Ka2 Qc6 58. Rh2 Kh6
59. Rh3 Qg2 60. Rh4 Qg3 61. Rh1 h4 62. Rd1 h3 63. Rd8 Kh5 64. Bxg7 Kg4 65. Rd3
h2 0-1

[Event "SR 3. liga A2 2018/2019"]
[Site "?"]
[Date "2018.11.04"]
[Round "3.3"]
[White "Matis, Tibor"]
[Black "Benkovsky, Peter"]
[Result "1/2-1/2"]
[WhiteElo "1835"]
[BlackElo "1675"]
[PlyCount "94"]
[EventDate "2018.??.??"]

1. e4 e6 2. d4 d5 3. Nd2 Nf6 4. e5 Nfd7 5. Bd3 c5 6. c3 Nc6 7. Ne2 Qb6 8. Nf3
Be7 9. O-O h6 10. Re1 cxd4 11. cxd4 Nb4 12. Bb1 Nf8 13. a3 Nc6 14. h4 Bd7 15.
Bd3 a6 16. b4 Na7 17. Be3 Bb5 18. Rc1 Nd7 19. Nc3 Bxd3 20. Qxd3 O-O 21. Re2
Rfc8 22. Rec2 Qd8 23. g3 b5 24. Nd2 Nb6 25. f4 Qd7 26. Nb3 Nc4 27. Nc5 Bxc5 28.
dxc5 Nc6 29. f5 N4xe5 30. Qe2 Nc4 31. f6 d4 32. Rd1 Nxe3 33. Qxe3 Qc7 34. Rxd4
Nxd4 35. Qxd4 Qxg3+ 36. Rg2 Qe1+ 37. Kh2 g6 38. Ne2 Rd8 39. Qe4 Ra7 40. c6 Qd1
41. Nf4 Rd4 42. Qe5 Rd6 43. Qe4 Qd4 44. Rxg6+ fxg6 45. Qxg6+ Kf8 46. Qxh6+ Kg8
47. Qg6+ Kf8 1/2-1/2

[Event "SR 3. liga A2 2018/2019"]
[Site "?"]
[Date "2018.11.04"]
[Round "3.3"]
[White "Nemcovic, Peter"]
[Black "Rachela, Robert"]
[Result "0-1"]
[WhiteElo "1654"]
[BlackElo "1928"]
[PlyCount "90"]
[EventDate "2018.??.??"]

1. e4 e6 2. d4 d5 3. exd5 exd5 4. Bd3 Bd6 5. Nf3 Bg4 6. h3 Bh5 7. Be3 Ne7 8.
Nbd2 Bg6 9. Qe2 O-O 10. g4 Re8 11. O-O-O Nd7 12. h4 Bxd3 13. Qxd3 Ng6 14. Ng5
Nf6 15. Rdg1 Nf4 16. Qf1 h6 17. Nh3 Nxh3 18. Rxh3 Ne4 19. f4 Nxd2 20. Kxd2 Re4
21. h5 c5 22. c3 Qa5 23. dxc5 Bxc5 24. Bxc5 Qxc5 25. g5 Qb6 26. Kc2 Rae8 27.
Rg2 Qe6 28. gxh6 Re2+ 29. Rxe2 Qxe2+ 30. Qxe2 Rxe2+ 31. Kb3 gxh6 32. Rd3 Rf2
33. Rd4 Kg7 34. a3 Kf6 35. Rxd5 Rxf4 36. c4 Rf5 37. Kc3 Rxd5 38. cxd5 Ke5 39.
d6 Kxd6 40. Kd4 f5 41. b4 b5 42. Ke3 Ke5 43. Kf3 f4 44. Ke2 Ke4 45. Kf2 f3 0-1

[Event "SR 3. liga A2 2018/2019"]
[Site "?"]
[Date "2018.11.04"]
[Round "3.3"]
[White "Vargaova, Veronika"]
[Black "Slezak, Vladimir"]
[Result "0-1"]
[WhiteElo "1524"]
[BlackElo "1527"]
[PlyCount "38"]
[EventDate "2018.??.??"]

1. e4 e5 2. Nf3 Nc6 3. Bc4 Bc5 4. Qe2 d6 5. h3 h6 6. Nc3 f5 7. d3 Nf6 8. Bd2
Bd7 9. a3 Bd4 10. Nxd4 Nxd4 11. Qd1 f4 12. f3 Nh5 13. Rg1 Qh4+ 14. g3 Nxg3 15.
Bxf4 Nxe4+ 16. Bg3 Nxg3 17. Kd2 Qf4+ 18. Ke1 Qe3+ 19. Ne2 Nxf3# 0-1

[Event "SR 3. liga A2 2018/2019"]
[Site "?"]
[Date "2018.11.04"]
[Round "3.4"]
[White "Sebesta, Radovan"]
[Black "Lukac, Roman"]
[Result "1/2-1/2"]
[WhiteElo "1989"]
[BlackElo "2076"]
[PlyCount "57"]
[EventDate "2018.??.??"]

1. d4 Nf6 2. c4 g6 3. Nc3 Bg7 4. e4 d6 5. f3 O-O 6. Bg5 h6 7. Be3 e5 8. d5 Nbd7
9. Qd2 Kh7 10. Bd3 Nc5 11. Bc2 a5 12. Nge2 Bd7 13. g4 b6 14. h4 Ng8 15. Ng3 Ne7
16. h5 g5 17. Nf5 Bf6 18. Ne2 Nxf5 19. gxf5 Rg8 20. Rg1 Be7 21. Nc3 a4 22. Nd1
Qc8 23. Nf2 Qa6 24. Qc3 Qa5 25. Bd2 Qa6 26. Ng4 f6 27. Be3 Qa5 28. Bd2 Qa6 29.
Be3 1/2-1/2

[Event "SR 3. liga A2 2018/2019"]
[Site "?"]
[Date "2018.11.04"]
[Round "3.4"]
[White "Nicolini, Alexander"]
[Black "Palka, Miroslav"]
[Result "1-0"]
[WhiteElo "2142"]
[BlackElo "1937"]
[PlyCount "93"]
[EventDate "2018.??.??"]

1. e4 c5 2. Nf3 d6 3. c3 Nf6 4. Bd3 Nc6 5. Bc2 g6 6. O-O Bg7 7. Qe2 O-O 8. Rd1
Ne5 9. h3 Be6 10. Ng5 Bc4 11. d3 Ba6 12. f4 Nc6 13. a4 h6 14. Nf3 e5 15. Qf2
Nh5 16. fxe5 Nxe5 17. d4 Nxf3+ 18. Qxf3 cxd4 19. cxd4 Qb6 20. Qf2 Rac8 21. Nc3
Qc7 22. Be3 b6 23. Rac1 Qd7 24. Bb1 Bc4 25. Qh4 Qd8 26. Qf2 Qf6 27. g4 Qxf2+
28. Kxf2 Nf6 29. Kf3 Nd7 30. Re1 a6 31. Nd5 Bxd5 32. exd5 Nf6 33. Ba2 Rfe8 34.
Rc6 Rxc6 35. dxc6 d5 36. Rc1 Rc8 37. h4 g5 38. hxg5 hxg5 39. Bxg5 Ne8 40. Bxd5
Bxd4 41. b4 Nc7 42. Bb3 b5 43. Bf4 bxa4 44. Bxa4 Ne6 45. Bd6 Bb2 46. Rc4 Kg7
47. c7 1-0